00679nam a22002177a 450000500170000001000130001702000230003002000260005303500130007903700160009204000120010808200200012010000250014024500850016526000450025027000420029530000310033750000520036865000210042065000200044120170124110005.0 aB-098401 c500.00a8122006450 c500.00a9788122006452 aB-098401 bCen Lib/Ret aDPLbEN a355.033554bSUN aSundarji, General K. aVision 2100 :cby General K. Sundarjiba strategy for the twenty-first century / aDelhibKonark Publishers Pvt. Ltd c2003 aA-149, main Vikas MargbDelhie110092 axl,268p. :c23cm(Hb)bill. aIncludes bibliographical references and index.  a Military policy aNuclear warfare